000 00603nam a2200229 a 4500
999 _c4701
_d4701
001 4701
003 BD-JhCC
005 20171205174707.0
008 171130s19791983e a|||| ||a| 001 0 eng d
035 _a(BD-JhCC)4701
040 _aBD-JhCC
_dBD-JhCC
041 _aeng
082 _a910
_bCIR 1979
100 _aCirrincione, Joseph
245 _aWorld Geography /
_cJoseph Cirrincione; Ainsworth Barbara
260 _aLexington :
_bD.C. Healh and Company,
_c1979.
300 _a488 p. :
_c25 cm.
_billu;
650 _aGeography
700 _aBarbara, Ainsworth
942 _2ddc
_cBK